| 000 | 00849cam a2200205 4500 | ||
|---|---|---|---|
| 020 | _a0309020964 | ||
| 082 | 0 | 0 |
_a625.8 _bNAT |
| 245 | 0 | 0 |
_aPavement evaluation using road meters; _bproceedings of a workshop held April 18-20, 1972, at Purdue University. |
| 260 |
_aWashington, _bHighway Research Board, National Research Council, _c1973. |
||
| 300 |
_av, 128 p. _billus. _c25 cm. |
||
| 490 | 1 | _aNational Research Council. Highway Research Board. Special report, | |
| 500 | _aSponsored by the School of Civil Engineering, Purdue University. | ||
| 526 |
_a0 _b0 _c0 _d625_800000000000000_NAT |
||
| 650 | 0 |
_aMCE _9379 |
|
| 650 | 0 |
_aPavements _xEvaluation _xCongresses. _943794 |
|
| 650 | 0 |
_aPavements _xTesting _xCongresses. _943795 |
|
| 650 | 0 |
_aRoad meters _xCongresses. _943796 |
|
| 710 | 2 |
_aPurdue University, Lafeyette, Ind. _943797 |
|
| 942 |
_2ddc _cBK |
||
| 999 |
_c547652 _d547652 |
||